Normal view MARC view
  • McDiarmid, Orville John,

Entry Personal Name

Number of records used in: 1

001 - CONTROL NUMBER

  • control field: 90875

003 - CONTROL NUMBER IDENTIFIER

  • control field: NUST

005 - DATE AND TIME OF LATEST TRANSACTION

  • control field: 20220411112338.0

008 - FIXED-LENGTH DATA ELEMENTS

  • fixed length control field: 220411|| aca||aabn | a|a d

040 ## - CATALOGING SOURCE

  • Original cataloging agency: NUST
  • Transcribing agency: NUST

100 ## - HEADING--PERSONAL NAME

  • Personal name: McDiarmid, Orville John,
  • Dates associated with a name: 1909-1982

670 ## - SOURCE DATA FOUND

  • Source citation: Work cat.: (NUST)0: McDiarmid, Orville John, 1909-1982., Unskilled labor for development :, c1977.
© 2023 Central Library, National University of Sciences and Technology. All Rights Reserved.